000 02091nam a22002777a 4500
999 _c58170
_d58170
003 Ge_BSU
005 20210722121803.0
008 210722s2020 ge ||||| |||| 00| 0 geo d
020 _a9789941488115
041 _ageo
080 _a903.2(560)+674.55(560) თ-15
100 _aთავამაიშვილი, გიორგი
_92289
245 _aთამბაქო და გვიანი შუა საუკუნეების ოსმალური თიხის ჩიბუხები /
_cგიორგი თავამაიშვილი; რედ. ნინო ინაიშვილი; ბათუმის შოთა რუსთაველის სახელმწიფო უნივერსიტეტი. ნიკო ბერძენიშვილის ინსტიტუტი.
264 _aბათუმი :
_bბსუ,
_c2020.
300 _a293 გვ.
_bსურ.,ილ.
_c24 სმ.
490 _aსამხრეთ-დასავლეთ საქართველოს არქეოლოგიური ძეგლები
_v23
500 _aნაშრიმი ეძღვნება იას
501 _aბოლოსიტყვაობა ავტორისაგან ინგლ. ენ.
504 _aბიბლიოგრ. გვ. 245-280 სურ. და ილ. აღწერილობა გვ. 241-244
653 _aარქეოლოგია
653 _aთამბაქოს მოსაწევი თიხის ჩიბუხები
653 _aთამბაქოს ისტორია, კულტურა, გამოყენება, გავრცელება
700 _aინაიშვილი, ნინო
_eრედაქტორი
_92290
710 _aბათუმის შოთა რუსთაველის სახელმწიფო უნივერსიტეტი.
_bნიკო ბერძენიშვილის ინსტიტუტი
_912305
942 _2udc
_cBK